00415 2200169 4500001002100000008004100021035002000062245002100082100001700103260003300120300001300153020001800166084001400184082000800198650002000206990001900226INLIS000000000001481 ind  a0010-0724001481 a13cNatasha C.D. aNatasha C.D. aJakarta :bPT Grasindoc2006 a194 hlm. a979-759-428-9 a813 NAT t a813 aFiksi Indonesia aP29/CP/24/1481